Central Library OPAC University of Rajshahi

The theory of statistical inference / (Record no. 6683)

MARC details
000 -LEADER
fixed length control field 00814cam a2200265 4500
001 - CONTROL NUMBER
control field 6683
003 - CONTROL NUMBER IDENTIFIER
rucl marc code BD-RjUL
005 - DATE AND TIME OF LATEST TRANSACTION
control field 20211208234306.0
008 - FIXED-LENGTH DATA ELEMENTS--GENERAL INFORMATION
fixed length control field 140112s1971 nyu b 001 0 eng d
020 ## - INTERNATIONAL STANDARD BOOK NUMBER
International Standard Book Number 0471981036
035 ## - SYSTEM CONTROL NUMBER
System control number (BD-RjUL)6724
040 ## - CATALOGING SOURCE
Original cataloging agency DLC
Transcribing agency DLC
Modifying agency (BD-RjUL)
Language of cataloging eng
041 ## - LANGUAGE CODE
Language code of text/sound track or separate title eng
082 00 - DEWEY DECIMAL CLASSIFICATION NUMBER
Classification number 519.54
Author mark and year ZAT
Edition number 23
100 1# - MAIN ENTRY--PERSONAL NAME
Personal name Zacks, Shelemyahu,
Dates associated with a name 1932-
9 (RLIN) 21007
245 14 - TITLE STATEMENT
Title The theory of statistical inference /
Statement of responsibility, etc. Zacks, Shelemyahu,
260 ## - PUBLICATION, DISTRIBUTION, ETC. (IMPRINT)
Place of publication, distribution, etc. New York :
Name of publisher, distributor, etc. Wiley ;
Date of publication, distribution, etc. [1971]
300 ## - PHYSICAL DESCRIPTION
Pagination xiii, 609 p. ;
Size 24 cm.
490 0# - SERIES STATEMENT
Series statement Wiley series in probability and mathematical statistics
504 ## - BIBLIOGRAPHY, ETC. NOTE
Bibliography, etc Bibliography: p. 583-601.
650 #0 - SUBJECT ADDED ENTRY--TOPICAL TERM
Topical term or geographic name as entry element Mathematical statistics.
9 (RLIN) 21008
856 ## - ELECTRONIC LOCATION AND ACCESS
Materials specified Wiley series in probability and mathematical statistics
942 ## - ADDED ENTRY ELEMENTS (KOHA)
Source of classification or shelving scheme Dewey Decimal Classification
Koha item type Books
Holdings
Lost status Source of classification or shelving scheme Damaged status Not for loan Collection code Permanent Location Current Location Shelving location Date acquired Source of acquisition Cost, normal purchase price Total Checkouts Full call number Date last seen Copy number Koha item type
  Dewey Decimal Classification   Not For Loan Non-fiction Central Library, University of Rajshahi Central Library, University of Rajshahi   25/11/1975 Gonathen Wear and Com. 15.75   519.54 ZAT 1971 12/01/2014 C-1 Books
  Dewey Decimal Classification     Non-fiction Central Library, University of Rajshahi Central Library, University of Rajshahi   28/03/1980 Heffers 27.75   519.54 ZAT 1971 05/09/2016 C-2 Books
  Dewey Decimal Classification     Non-fiction Central Library, University of Rajshahi Central Library, University of Rajshahi   13/04/1977 W.HEFFER and Sons 25.00   519.54 ZAT 07/11/2016 C-3 Books